000 00459cam a22001337a 4500
008 180718b1974 xxu||||| |||| 00| 0 eng d
082 _aA99 P318
100 _aPearson, Lester B.
245 _aMemoirs: Lester B. Pearson
_cby Lester B. Pearson
260 _aLondon
_bVictor Gollancz
_c1974
300 _av.
500 _aContents: Vol.II, 1948-1957: the international years, edited by John A. Munro and Alex I. Inglis.
650 _aPearson, Lester B.- 1897-1972
999 _c350853
_d350853